[Event "RUS-Cup01 Chigorin Memorial"]
[Site "St Petersburg"]
[Date "1997.11.05"]
[Round "5"]
[White "Fedorov, Alexei"]
[Black "Volkov, Sergey"]
[Result "1/2-1/2"]
[WhiteElo "2600"]
[BlackElo "2535"]
[Annotator "Finkel,A"]
[PlyCount "109"]
[EventDate "1997.11.01"]
[EventType "swiss"]
[EventRounds "9"]
[EventCountry "RUS"]
[SourceTitle "CBM 062"]
[Source "ChessBase"]
[SourceDate "1998.01.31"]
[SourceVersion "1"]
[SourceVersionDate "1998.01.31"]
[SourceQuality "1"]

1. e4 e6 2. d4 d5 3. Nc3 Nf6 4. e5 Nfd7 5. f4 c5 6. Nf3 Nc6 7. Be3 cxd4 8. Nxd4
Qb6 9. Qd2 Qxb2 10. Rb1 Qa3 11. Bb5 Ndb8 (11... Nxd4) 12. Bxc6+ (12. f5 $6 Bb4
$5 13. Rb3 Qa5 14. O-O exf5 15. Rfb1 f4 $1 $15 {Dolmatov,S-Volkov,S/Russia Cup
GP 1997 (19)}) (12. O-O $5 a6 13. f5 $5 axb5 14. fxe6 Bxe6 15. Nxe6 fxe6 16.
Nxb5 Qa5 17. Qf2 Nxe5 18. Bb6 Qa4 19. Bc5 Bxc5 (19... Ra5 $2 20. Bxf8 Rxb5 21.
Rxb5 Qxb5 22. Bxg7 Rg8 23. Bxe5 {1-0 Poluliakhov,A-Ivanov,O/URS 1989}) 20. Qxc5
Nbc6 21. Nd6+ Kd8 22. Nxb7+ Ke8 23. Nd6+ Kd8 24. Nb7+ Ke8 25. Nd6+ Kd8 {
1/2-1/2 Nordholz,T-Boehm,J/RLNS 1988}) 12... bxc6 13. O-O a6 (13... Bc5 $5 14.
Rb3 Qa5 15. Rfb1 Bb6 16. Qc1 $5 Bxd4 (16... Qa6 $6 17. Ra3 Qb7 18. Na4 Nd7 19.
c4 $1 $36) 17. Bxd4 Nd7 18. f5 $1 exf5 19. e6 (19. Qg5 $5 $40) 19... fxe6 20.
Qg5 Qd8 21. Qxg7 $36 {Fedorov,A-Volkov,S/Russian Cup , Omsk RUS 1996/0-1 (47)})
14. Rb3 Qa5 (14... Qe7 $2 15. Na4 c5 16. Nxc5 $1 Qxc5 17. Rc3 $18) 15. Rxb8
Rxb8 16. Nxc6 Qc7 17. Nxb8 Qxb8 18. f5 $5 (18. Rb1 $5 Qc7 19. f5 $1 Qxe5 20.
fxe6 fxe6 21. Bd4 Qc7 22. Qe3 Be7 $1 23. Bxg7 Bc5 24. Bd4 Bxd4 25. Qxd4 $13 {
Chandler,M-Klinger,J;Vienna Op,1986,1/2-1/2}) 18... Qxe5 19. Bd4 Qc7 20. Qe3
Qc4 21. Ne2 ({Serious attention deserved} 21. fxe6 $5 fxe6 (21... Bxe6 $6 22.
Rb1 $16 {[%cal Gb1b8]}) 22. Qf2 Qc7 23. Qe3 Be7 24. Bxg7 Bc5 25. Bd4 Bxd4 26.
Qxd4 Rg8 27. Re1 $14 {[%csl Re8] with promising position.}) 21... h5 $1 {
Bringing rook to defense via h6.} 22. Nf4 Rh6 23. c3 (23. fxe6 $6 fxe6 (23...
Bxe6 24. Qe5 Kd7 25. Nxe6 Rxe6 26. Rxf7+ Be7 27. Qxg7 Qxc2 $15) 24. Nd3 (24.
Qf2 Be7 $15 {[%cal Ge7f6]}) 24... Qc7 25. Be5 Bd6 26. Qf4 Qb6+ 27. Kh1 Rf6 $17)
23... h4 24. h3 a5 25. a4 Ba6 26. Re1 Bc8 27. Rf1 Ba6 28. Rb1 Bc8 29. Qe5 $1
$40 Rf6 ({Black faces serious difficulties also after} 29... f6 30. Qb8 e5 31.
Nxd5 exd4 32. Nb6 Qxc3 33. Nxc8 Bb4 34. Rd1 $40) 30. Re1 Be7 31. fxe6 fxe6 32.
Qh5+ (32. Qb8 Kf7 33. Nd3 $1 Qxd3 34. Bxf6 gxf6 35. Qxc8 e5 36. Qd7 $1 $14)
32... Kd7 33. Bxf6 Bxf6 34. Nxe6 $16 Kd6 35. Nd4 (35. Nxg7 Bxc3 (35... Qxc3 36.
Ne8+ Kc6 37. Qe2 Qc5+ 38. Kh1 Bc3 39. Rc1 d4 40. Qe4+ Kb6 41. Qxh4 $18) 36.
Ne8+ Kc5 37. Rd1 $16) 35... Bd7 {[%tqu "En","","","","h5f3","",0,"h5h8","",20]}
36. Qf3 $6 {Missing very nice opportunity to reach decisive advantage.} (36.
Qh8 $3 $18 {[%cal Gh8b8]} Bxd4+ $8 37. cxd4 Qxd4+ 38. Kh1 Kc7 $8 (38... Bxa4
39. Qb8+ Kd7 40. Qb7+ Kd6 41. Qe7+ Kc6 42. Rc1+ Kb6 43. Qc7+ Ka6 44. Qc8+ Kb6
45. Rb1+ $18) (38... Qxa4 39. Qb8+ Kc5 40. Rc1+ Kd4 41. Qf4+ Kd3 42. Qf3+ Kd4
43. Rd1+ Kc5 44. Qxd5+ $18) 39. Rb1 $1 {[%cal Gh8b8]} Bxa4 (39... Qxa4 $2 40.
Qb8+ Kc6 41. Qb6#) 40. Qb8+ Kd7 41. Rb7+ Ke6 42. Qg8+ Kf5 43. Qf7+ Ke4 (43...
Kg5 44. Qxg7+ Qxg7 45. Rxg7+ Kf5 46. Ra7 $18) 44. Qf3+ Ke5 45. Re7+ Kd6 46. Qf8
$18 {[%cal Rf8d6]}) 36... Bxa4 37. Qf4+ Kd7 38. Qg4+ Kc7 39. Qf4+ Kd7 40. Rb1
$5 Bc6 41. Qf5+ Kc7 42. Qf4+ Kd7 43. Rb8 {It seems that white managed to
create dangerous threats,but black finds extremly beutiful way to escape.} Qxc3
$1 $11 44. Qf5+ Kd6 45. Qe6+ Kc7 46. Nb5+ $5 (46. Rc8+ Kb7 47. Nxc6 Qc1+ 48.
Kf2 Qd2+ $11) 46... Bxb5 47. Rc8+ Kb7 48. Rxc3 Bxc3 49. Qxd5+ Kb6 50. Qd8+ Kc5
51. Kf2 Kb4 52. Qxh4+ Bc4 53. Qe7+ Kb3 {[%cal Ga5a1] The passed a pawn and the
bishops pair give black sufficient counterplay in the arising ending.} 54. Qb7+
Ka2 55. Qc7 1/2-1/2

[Event "RUS-Cup01 Chigorin Memorial"]
[Site "St Petersburg"]
[Date "1997.11.01"]
[Round "1"]
[White "Shaposhnikov, Evgeny"]
[Black "Morozevich, Alexander"]
[Result "0-1"]
[WhiteElo "2380"]
[BlackElo "2590"]
[Annotator "Finkel,A"]
[PlyCount "144"]
[EventDate "1997.11.01"]
[EventType "swiss"]
[EventRounds "9"]
[EventCountry "RUS"]
[SourceTitle "CBM 062"]
[Source "ChessBase"]
[SourceDate "1998.01.31"]
[SourceVersion "1"]
[SourceVersionDate "1998.01.31"]
[SourceQuality "1"]

1. e4 e6 2. d4 d5 3. Nc3 Nf6 4. e5 Nfd7 5. f4 c5 6. Nf3 Nc6 7. Be3 Be7 8. dxc5
(8. Qd2 O-O 9. Be2 cxd4 10. Nxd4 Nxd4 11. Bxd4 Nb8 $1 12. O-O Nc6 13. Kh1 Qa5
14. a3 Nxd4 15. Qxd4 Qc5 16. Qd2 $10 {Apicella,M-Murey,J/FRA-tch/1993/0,5/66/})
8... O-O (8... Nxc5 9. Be2 O-O 10. O-O Bd7 11. a3 Be8 $5 12. Qe1 Rc8 (12... f6
$5 13. b4 Nd7 14. Nd4 Nxd4 15. Bxd4 $14) 13. Rd1 Qc7 14. b4 $1 Nd7 15. Nb5 Qb8
16. Bd3 $36 {Ivanchuk,V-Morozevich,A,1996,1-0}) (8... Bxc5 $5 9. Qd2 O-O 10.
O-O-O Qb6 11. Bg1 Bxg1 12. Rxg1 Nc5 $13 {Ivanchuk,V-Korchnoi,V/Monaco/1992/0,5/
27/}) 9. Qd2 Nxc5 10. Be2 {Quiet unusual plan for this type of positions.} (10.
O-O-O $5 Bd7 (10... Qa5 $5 11. Kb1 Bd7 12. Nd4 Na6 $5 13. Nb3 Qd8 14. Nb5 $14 {
Berndt,S-Marchio,E/GER-chJ U17 1991 (33)}) 11. Kb1 Rc8 (11... a6 12. Qf2 Qa5
13. Nd4 Na4 14. Nce2 $1 Rfc8 15. Nb3 Qc7 16. Ned4 f6 17. exf6 Bxf6 18. c3 $14 {
Kuczynski,R-Kujawski,A/POL-ch Lublin 1988 (37)}) 12. f5 $5 Qa5 13. Nd4 Rfd8 14.
Nxc6 Bxc6 15. Bd4 (15. Nxd5 $2 Rxd5 16. Qxa5 Rxd1+ 17. Bc1 Bg5 $19) (15. f6 $1
gxf6 16. Bd4 $1 Kh8 17. exf6 Bf8 18. Qg5 $40) 15... exf5 16. Nxd5 Qxd2 17.
Nxe7+ Kf8 18. Rxd2 Ne4 19. Nxc8 Nxd2+ 20. Kc1 Rxd4 $1 $132 {Gdanski,J-Kujawski,
A/Zakopane 1988 (48)}) (10. Bd3 $6 Nxd3+ 11. Qxd3 f6 12. O-O Bd7 13. Ne2 fxe5
14. Nxe5 Nxe5 15. fxe5 Qc7 16. Bd4 a6 $15 {Edelman,D-Alburt,L/USA-op Los
Angeles 1991/0-1 (67)}) 10... b6 $5 {Intending to change the lightsquared
bishops.} 11. O-O (11. f5 $6 Ne4 $1 12. Nxe4 dxe4 13. Bb5 Qxd2+ 14. Nxd2 Nb4
15. Ba4 exf5 $17) 11... Ba6 12. Nd4 $6 {Much better was to trasfer f5 with
knights on the board:} (12. Bxa6 $1 Nxa6 13. f5 $5 exf5 14. Nxd5 Bc5 15. Rad1
Re8 16. Bxc5 Nxc5 17. Qf4 $1 $14) 12... Qd7 13. Bxa6 Nxa6 14. Nxc6 Qxc6 15. f5
exf5 16. Nxd5 Bc5 $11 17. Rad1 $6 (17. c4 $5 Rad8 18. Qf2 Bxe3 19. Nxe3 g6 (
19... Qe4 $5 20. Nxf5 Qxe5 21. Rae1 Qc5 $11) 20. Qg3 Rd2 21. b3 Kh8 22. Rfd1
Rfd8 23. Rxd2 Rxd2 24. Rd1 $11) 17... Rad8 18. c4 Bxe3+ 19. Qxe3 Qxc4 $15 {
After a few inacuracies of white black got slightly better chances,but the
position is far from being clear.} 20. Ne7+ Kh8 21. Nxf5 Rxd1 22. Rxd1 Nc5 (
22... Qxa2 $2 23. Qg5 $1 Rg8 24. Rd8 $1 {[%csl Rg7]} Qb1+ 25. Kf2 Qxb2+ 26. Kf3
Qb3+ 27. Kg4 Qc4+ 28. Kh3 Qb3+ 29. g3 $18) 23. Rf1 Nd7 $1 24. Qa3 (24. b3 $6
Qe6 $17) 24... g6 (24... Qc5+ $6 25. Qxc5 Nxc5 26. Nd6 Kg8 27. Rf3 Nd7 28. Ra3
a5 29. Rb3 $11) 25. Ne3 $6 {Missing nice possibility to force a draw:} (25. Qd6
$1 Qc5+ 26. Qxc5 bxc5 27. Nd6 $1 Nxe5 28. Rc1 Nd3 (28... Rd8 29. Rxc5 Rxd6 30.
Rxe5 Rd2 31. Ra5 $11) 29. Rc3 Nxb2 30. Rxc5 Kg7 31. Rc7 a5 32. Rb7 $1 $11)
25... Qe4 26. Kh1 (26. Rd1 $5 Nc5 27. b4 Ne6 28. Qc3 $1 Kg8 29. Nd5 Qe2 $1 $15)
26... Nc5 27. Qc3 Kg8 28. h3 Qd3 29. Qe1 h5 $5 {Black all the time finds some
chances to continue the struggle.} 30. Rf3 $6 {Another inacuracy after which
white's position becomes very difficult.} (30. Qg3 $5 $15) 30... Qe4 $1 $17 {
[%csl Re5]} 31. Qg3 Nd7 32. Rf5 $5 {The only way to defend a pawn,but not for
a long time.} Kh7 33. Qg5 Qc6 34. Rf4 Qe6 35. Re4 f6 36. Qg3 f5 $1 {Keeping
the knights on the board.} (36... Nxe5 37. Nc4 Qd5 38. Qf4 Nxc4 39. Rxc4 Rf7
$17) 37. Ra4 a5 38. Rd4 Nxe5 39. Nd5 Rf7 40. Qe3 Rd7 41. Nf4 Qf6 42. Rxd7+ Nxd7
43. Qe8 Nc5 44. Nd5 Qxb2 45. Qe7+ Qg7 46. Nf6+ Kh6 47. Qd6 Ne4 $1 $19 {The
simplest way to win,queens ending is hopeless for white.} 48. Nxe4 fxe4 49.
Qf4+ g5 50. Qxe4 Qf6 51. Kg1 Qd6 52. a4 h4 53. Qe8 Kg7 {[%cal Gg7c3,Gc3b4]} 54.
Qe4 Qc5+ 55. Kh2 Kf6 56. Qg4 b5 $1 57. Qf3+ Ke6 58. Qg4+ Qf5 59. Qh5 bxa4 60.
Qe8+ Kd6 61. Qd8+ Kc6 62. Qa8+ Kb5 63. Qe8+ Kb4 64. Qe1+ Kc4 65. Qc1+ Kb5 66.
Qb2+ Kc6 67. Qc3+ Qc5 68. Qf3+ Kb6 69. Qf6+ Kb7 70. Qf3+ Kb8 71. g3 hxg3+ 72.
Kxg3 Qg1+ 0-1

[Event "Excelsior Cup"]
[Site "Gothenburg"]
[Date "1999.01.13"]
[Round "7"]
[White "Barkhagen, Jonas"]
[Black "Ulybin, Mikhail"]
[Result "1/2-1/2"]
[WhiteElo "2415"]
[BlackElo "2552"]
[Annotator "Finkel,A"]
[PlyCount "99"]
[EventDate "1999.01.07"]
[EventType "tourn"]
[EventRounds "9"]
[EventCountry "SWE"]
[EventCategory "10"]
[SourceTitle "CBM 069"]
[Source "ChessBase"]
[SourceDate "1999.04.01"]
[SourceVersion "1"]
[SourceVersionDate "1999.04.01"]
[SourceQuality "1"]

1. d4 e6 2. e4 d5 3. Nc3 Nf6 4. e5 Nfd7 5. f4 c5 6. Nf3 a6 7. Be3 Qb6 8. Qd2 $6
{Dubious variation promising white nothing,but troubles!} (8. Na4 Qc7 9. dxc5
Nxc5 10. Nxc5 Bxc5 11. Qd2 Bd7 12. O-O-O Bb5 $11 {Riemersma,L-Barsov,A/
Vlissingen op 1996 (28)}) (8. Rb1 $5 Nc6 9. Qd2 Qc7 10. Be2 Be7 11. O-O O-O 12.
Nd1 cxd4 13. Nxd4 Nc5 14. Nf2 $14 {Timman,J-Bareev,E/Moscow blitz 1993 (34)})
8... Qxb2 9. Rb1 Qa3 10. Be2 Nc6 11. O-O ({Even worse is} 11. f5 $6 cxd4 12.
Nxd4 Nxd4 13. Bxd4 Bc5 14. fxe6 fxe6 15. Rf1 Bxd4 16. Qxd4 Qc5 $17 {and black
has a huge advantage;Zontakh,A-Drasko,M/Podgorica 1993 (38)}) 11... cxd4 12.
Nxd4 Nxd4 13. Bxd4 Bc5 14. Kh1 Bxd4 15. Qxd4 Qc5 16. Qd3 O-O {The opening is
over and we can make some conclusions:black is a pawn up and it's quiet clear
that white doesn't have sufficient compensation for it,which means that white
has lost the battle in the opening and will have to fight for survival.} 17. g4
b5 18. Bf3 (18. Rf3 Bb7 19. Rh3 g6 20. Bf3 Rac8 21. Bg2 f6 $17) 18... Bb7 19.
Ne2 f6 20. exf6 Nxf6 $17 21. Nd4 Rae8 22. Qe3 ({More persistant is} 22. a4 $5
Nd7 23. Bg2 (23. axb5 $6 Rxf4 24. c3 axb5 25. Qxb5 Qxb5 26. Nxb5 Ref8 $19)
23... e5 24. Nb3 Qd6 (24... Qc4 25. Na5 $1 $15) 25. Na5 Ba8 26. axb5 e4 $36 {
and white at least has some counterchanses.}) 22... Ne4 23. Bg2 Rf7 24. a3 Ref8
{[%csl Rf4][%cal Gf8f4] Increasing the pressure.} 25. Rbe1 Qd6 26. f5 $8 exf5
27. Nxf5 Qe5 28. Kg1 Kh8 $5 {[%cal Gg7g6] Preparing g6.After} (28... Bc8 29.
Bxe4 dxe4 30. Qxe4 Qxe4 31. Rxe4 Bxf5 32. gxf5 Rxf5 33. Rxf5 Rxf5 34. c4 $17 {
white's defensive resourses are quiet significient.}) 29. Bxe4 ({May be better
was} 29. Nd4 $5 {,but it's just a matter of taste!}) 29... dxe4 30. Qd4 Qxd4+
31. Nxd4 Kg8 32. Ne6 $6 {In the endgame both sides don't show their best.} (32.
Rxf7 $5 Rxf7 33. Rf1 Rxf1+ 34. Kxf1 Kf7 35. Ke2 Kf6 36. Ke3 Ke5 $17) 32... Rc8
33. h4 Re7 $5 (33... Bd5 $5 34. Nf4 (34. Rxf7 Kxf7 35. Nf4 Ba8 36. Re2 Rc3 $19)
34... Ba8 35. Ne6 Rxf1+ 36. Rxf1 Bd5 $19) 34. Nd4 Rc3 35. Nf5 Rd7 $6 ({After
simple} 35... Rec7 $1 36. Re3 (36. Nd6 Rg3+ 37. Kh2 Rxg4 38. Kh3 h5 $19) 36...
Rxc2 37. Nd6 Bd5 38. Nxe4 R7c4 $19 {its very hard to believe that white will
survive!}) 36. Rd1 Rxd1 37. Rxd1 Bc6 $1 (37... h6 $2 38. Rd8+ Kh7 39. Rd7 Bc8
40. Rxg7+ Kh8 41. Rg6 $11) 38. Rd8+ Kf7 39. Rc8 e3 $2 {If 35th move of black
was inaccuracy making life more difficult,this one is serious mistake turning
everything upside down.Black still had good winning chanses after} (39... Ke6
40. Nxg7+ Ke5 41. Nf5 Rxc2 42. Ne3 Rc5 $17) 40. Nd4 $14 Rc4 41. Nxc6 $6 ({
More chanses to win would leave} 41. Rc7+ $1 Kg8 (41... Kf8) 42. Nxc6 Rxg4+ 43.
Kf1 Rxh4 44. Ke2 $14) 41... Rxg4+ 42. Kf1 Rxh4 43. Ne5+ Kf6 44. Nf3 Ra4 45. Rc3
g5 46. Ke2 (46. Rxe3 g4 47. Ne5 h5) 46... g4 47. Ne1 h5 48. Ng2 g3 49. Rxe3 h4
50. Nxh4 {Uff!} 1/2-1/2

[Event "RUS-Cup01 Chigorin Memorial"]
[Site "St Petersburg"]
[Date "1997.11.05"]
[Round "5"]
[White "Macieja, Bartlomiej"]
[Black "Morozevich, Alexander"]
[Result "0-1"]
[WhiteElo "2470"]
[BlackElo "2590"]
[Annotator "Finkel,A"]
[PlyCount "98"]
[EventDate "1997.11.01"]
[EventType "swiss"]
[EventRounds "9"]
[EventCountry "RUS"]
[SourceTitle "CBM 062"]
[Source "ChessBase"]
[SourceDate "1998.01.31"]
[SourceVersion "1"]
[SourceVersionDate "1998.01.31"]
[SourceQuality "1"]

1. e4 e6 2. d4 d5 3. Nc3 Nf6 4. e5 Nfd7 5. f4 c5 6. Nf3 Nc6 7. Be3 Be7 8. Qd2
O-O 9. a3 (9. g3 $6 cxd4 10. Nxd4 Nb6 11. Nb3 Bb4 $1 12. a3 Bxc3 13. bxc3 Nc4
14. Bxc4 dxc4 15. Qxd8 Rxd8 16. Nd2 Na5 $11 {Haag,E-Blatny,F,1970,1-0(70)}) (9.
Be2 cxd4 10. Nxd4 Nxd4 11. Bxd4 Nb8 12. O-O Nc6 13. Bf2 (13. Kh1 $6 Qa5 14. a3
Nxd4 15. Qxd4 Qc5 16. Qd2 Bd7 17. Bd3 f6 $15 {Apicella,M-Murrey,J/FRA-chT 1993/
1/2-1/2 (66)}) 13... Bd7 14. Nb5 a6 15. Nd4 Rc8 16. Bd3 f5 (16... Nxd4 $5 17.
Bxd4 Bb5 18. Bxb5 axb5 19. b4 $1 $14) 17. exf6 Bxf6 18. Nf3 Qa5 19. c3 $14 {
Timman,J-Hort,V/Linares 1983/1-0 (79)}) (9. O-O-O cxd4 10. Nxd4 a6 11. Kb1 Nxd4
12. Bxd4 b5 13. Bd3 Nc5 14. Qe3 Nxd3 $6 (14... b4 $5 15. Bxc5 bxc3 16. b3 a5
17. Bb6 Qe8 18. a4 $14) 15. cxd3 Bd7 16. Ne2 $36 {Vratonjic,S-Vucinic,P/
JUG-chT (Cetinje) 1993 (33)}) (9. dxc5 Nxc5 10. Bd3 $6 (10. O-O-O $5 Bd7 11.
Kb1 a6 12. Qf2 Qa5 13. Nd4 Na4 14. Nce2 Rfc8 15. Nb3 Qc7 $132 {Kuczynski,
R-Kujawski,A/POL-ch Lublin 1988 (37)}) 10... Nxd3+ 11. Qxd3 f6 $1 12. O-O Bd7
13. Ne2 fxe5 14. Nxe5 Nxe5 15. fxe5 Qc7 16. Bd4 a6 $15 {Edelman,D-Alburt,L/
USA-op Los Angeles 1991 (67)}) 9... b6 10. Bd3 f6 11. exf6 Nxf6 12. Bb5 $6 {
Dubious idea passing the initiative into black's hands.} Qc7 13. Bxc6 Qxc6 14.
Ne5 Qe8 15. Qe2 (15. O-O-O $1 Nd7 (15... Ba6 16. g4 Rc8 17. Rhe1 Bd6 18. h3 $13
) 16. Nf3 Qg6 17. h3 Bb7 18. g4 Rac8 19. Rhe1 $13) 15... Nd7 $15 16. Nxd7 (16.
O-O Nxe5 17. fxe5 Bd7 18. Rxf8+ Bxf8 19. Rf1 Qg6 $15) 16... Bxd7 17. O-O Qg6
18. a4 c4 $1 {Reminding white that queenside is black's territtory!} (18...
Rab8 $5 19. Rad1 a6 20. Rf3 c4 $15 {[%cal Gb6b4]}) 19. Rf3 a6 20. a5 b5 21. Nd1
(21. Raf1 b4 22. Nd1 Bd8 $17 {[%csl Ra5]}) 21... b4 22. Nf2 Bb5 23. Rg3 Qf5 $15
24. Qg4 Rf7 25. Qd1 (25. Qxf5 exf5 $17 {[%csl Re3,Rf2]}) 25... c3 26. Ng4 Kh8
27. Ne5 Rff8 28. b3 (28. bxc3 $5 bxc3 29. Bc1 Rac8 30. Rf3 {[%cal Gc1a3]} Qe4
31. Re3 Qxf4 $5 32. Ng6+ hxg6 33. Rh3+ Qh4 34. Rxh4+ Bxh4 35. g3 Rf1+ 36. Qxf1
Bxf1 37. gxh4 Bh3 $17) 28... Bf6 29. Ng4 Be8 $1 {Bishop's place is on diagonal
b1-h7.} 30. Nxf6 gxf6 31. Qg4 Bg6 32. Qxf5 Bxf5 $17 {[%csl Rc2] Despite of the
opposite coloured bishops,who are considered a drawing factor and the material
balance white has extremly unpleasent ending:the difference in strength of the
bishops,weak pawn on c2,lack of coordination between white rooks-all this
makes white's life not so easy.} 33. Ra2 $8 (33. Rc1 Rab8 $19 {[%cal Gb8b5,
Gb5a5,Ga5a2]}) 33... h5 34. Bf2 Kh7 35. Re3 Rf7 36. Bh4 Rg8 37. g3 Be4 38. Re2
Kg6 39. Ra4 Rb7 40. h3 Re8 41. Ra1 e5 $1 $19 42. fxe5 fxe5 43. dxe5 Rxe5 {
[%csl Rh4][%cal Gd5d3]} 44. Rf1 Rf5 45. Rxf5 (45. g4 Rxf1+ 46. Kxf1 hxg4 47.
hxg4 Rh7 48. Bf2 Rh1+ 49. Bg1 Kg5 $19) 45... Bxf5 46. Bd8 d4 47. g4 hxg4 48.
hxg4 {[%tqu "En","","","","f5c2","",3]} Bxc2 $1 49. Rxc2 d3 0-1

[Event "Sarajevo Bosnia 29th"]
[Site "Sarajevo"]
[Date "1999.05.26"]
[Round "9"]
[White "Topalov, Veselin"]
[Black "Morozevich, Alexander"]
[Result "0-1"]
[WhiteElo "2700"]
[BlackElo "2723"]
[Annotator "Finkel,A"]
[PlyCount "62"]
[EventDate "1999.05.17"]
[EventType "tourn"]
[EventRounds "9"]
[EventCountry "BIH"]
[EventCategory "19"]
[SourceTitle "CBM 071"]
[Source "ChessBase"]
[SourceDate "1999.08.01"]
[SourceVersion "1"]
[SourceVersionDate "1999.08.01"]
[SourceQuality "1"]

1. e4 e6 2. d4 d5 3. Nc3 Nf6 4. e5 Nfd7 5. f4 c5 6. Nf3 Nc6 7. Be3 cxd4 8. Nxd4
Bc5 9. Qd2 O-O 10. O-O-O a6 11. h4 Nxd4 (11... Bxd4 12. Bxd4 b5) 12. Bxd4 b5
13. h5 b4 (13... Qb6 14. g4 (14. h6 $5 g6 15. Be2 Bb7 16. Qe3 Rac8 $11 17. Rd2
Rc7 18. Kb1 Bxd4 {1/2-1/2 Sobura,H-Rosiak,A/Jachranka POL tt 1987}) 14... Bxd4
15. Qxd4 Qxd4 16. Rxd4 $14 h6 (16... f6 $5 17. exf6 Nxf6 18. Bh3 Ra7 19. Kd2
Raf7 20. Re1 $14) 17. a4 $5 bxa4 18. Nxa4 $14 {1-0 Sutovskij,E-Dizdar,G/
EU-chTM 1997 (37)}) (13... Qe7 14. h6 g6 15. Bxc5 Nxc5 16. Bd3 Bb7 $6 (16...
Nxd3+ 17. cxd3 $14) (16... b4 17. Ne2 a5 {/\ Ba6}) 17. Ne2 Rfc8 18. Kb1 Rc7 19.
Nd4 Rac8 20. g4 Na4 $6 21. Rhe1 $36 {Metz,H-Leander,K/corr 1991 (44)}) 14. Ne2
(14. Na4 Bxd4 15. Qxd4 Qa5 (15... a5 16. Bb5 $1 {/\ 16... Ba6 17. Bd7 Qd7 18.
Nb6+-} (16. Kb1 Ba6 17. Bd3 (17. Bxa6 $5 Rxa6 18. g4 Qc7 19. h6 g5 $1 $13)
17... Qc7 18. Rc1 $6 Rfc8 19. Qe3 Qc6 $11 {Michalek,J-Glek,I/Katowice op 1992 
(24)}) 16... Rb8 17. Bd3 Bb7 {/\ Bc6} 18. h6 $2 (18. f5 $1 exf5 19. h6 g6 $13 {
- 18. h6}) 18... g6 19. f5 $5 Bc6 $2 20. fxe6 (20. fxg6 $2 hxg6 $17) (20. Nc5
Qb6 $1 $17) 20... Qg5+ (20... fxe6 $2 21. Nc5 $16) 21. Kb1 Qxe5 22. Qxe5 Nxe5
23. Nc5 $14 {Nunn,J-Lputian,S/Manila (ol) 1992 (45)}) 16. b3 Bb7 {/\ Bc6} 17.
f5 (17. Rh3 Bc6 18. Nb2 $13 Qxa2 $6 (18... Rfc8 $1 19. f5 Qc7 $1 20. Qxb4 Nxe5
$10 {Tischbierek,R-Knaak,R/BL 9293/}) 19. f5 a5 20. Rg3 $40) 17... Bc6 18. Rh3
$5 Bxa4 19. Rg3 Kh8 20. bxa4 Qc7 $1 21. Re1 Rac8 22. Bd3 Nc5 $15 {De la Riva,
O-Campos,L/Barcelona UGA 1993 (38)}) 14... a5 15. Qe3 (15. Bxc5 Nxc5 16. Qe3
Qc7 (16... Qb6 $5 17. f5 $5 a4 18. Kb1 b3 19. cxb3 axb3 20. a3 exf5 21. Rxd5
Ra5 22. Nf4 h6 $2 23. Bd3 Be6 24. Rd6 Qb7 25. Rc1 Rc8 $2 (25... Nxd3 26. Rxd3
Qe4 $13) 26. Qd4 $16 {Smirin,I-Lputian,S/Rostov 1993 (30)}) 17. Kb1 (17. Nd4 $5
$13) 17... a4 18. Ng3 a3 19. b3 Ba6 20. Rd4 $14 {Rivera,D-Jurkovic,A/La Coruna
op 1993 (30)}) (15. f5 $6 Bxd4 16. Nxd4 Nxe5 17. h6 g6 18. fxg6 fxg6 19. Bb5
Qd6 $17 {Zakic,S-Dizdar,G/JUG-chT Cetinje 1990/0-1 (55)}) 15... Qc7 $1 {
Important improvment:queen is much better placed on c7} 16. Kb1 (16. g4 $5 {
[%cal Ge2g3,Gf4f5]}) 16... Ba6 17. Bxc5 Nxc5 18. Ng3 {[%csl Re4] Covering
square e4.} (18. Nd4 a4 19. Bxa6 (19. Bd3 b3 $1 20. Bxa6 Rxa6 21. cxb3 axb3 22.
Nxb3 Nxb3 23. Qxb3 Rb8 $40 {[%csl Ra2][%cal Gc7a7]}) 19... Rxa6 20. f5 Ne4 21.
Qf4 a3 $40) 18... Rfc8 19. Rc1 a4 20. Bxa6 ({Also after} 20. f5 $6 {[%csl Re5]}
a3 21. b3 exf5 22. Nxf5 Ne4 $17 {black has much better chanses.}) 20... Rxa6
21. Rhd1 a3 22. b3 Rc6 $36 {[%csl Rc2,Rc3]} 23. Qd4 (23. f5 Nd7 $1 $17 {
[%csl Re5]}) (23. h6 $5) 23... Na6 24. Rd2 Qe7 $1 {[%cal Ge7h4]} 25. Qd3 $6 ({
Much better was} 25. Rh1 $1 h6 (25... Nc7 26. Ne2 Nb5 27. Qd3 $13) 26. Ne2 Nc7
27. Qd3 $132 {[%cal Gg3g5,Gg2g5] with counterplay.}) 25... Qh4 $15 26. Qf3 Rc3
27. Rd3 h6 $1 28. f5 $6 {The final mistake.} (28. Rh1 $2 Rxc2 $1 $19 29. Rxh4
Rc1#) (28. Qe3 $5 R8c6 29. f5) 28... Qg5 $1 $19 29. Qf1 (29. Nf1 Rxd3 30. Qxd3
Nc5 31. Qe3 Qxf5 $19) 29... Rxd3 30. Qxd3 Nc5 31. Qf3 Nd7 0-1